000 00979 a2200241 4500
999 _c5482
_d5482
020 _a9781856422772
050 0 0 _aR 726.8 PAL 2007
245 0 0 _aPalliative care for South Asians, Hindus, Muslims and Sikhs /
_cedited by Rashid Gatrad, Aziz Sheikh, Erica Brown.
264 _aLondon:
_bQuay Books,
_c2007
300 _axx, 198 p. :
_bill.
500 _aIncludes bibliographical references.
504 _aIncludes bibliographical references.
650 0 _aPalliative treatment.
650 0 _aTranscultural medical care.
650 0 _aSouth Asian Americans
_xMedical care.
650 0 _aSouth Asians
_xMedical care
700 1 _aGatrad, Rashid.
_eEditor
700 1 _aSheikh, Aziz.
_eEditor
700 1 _aBrown, Erica.
_eEditor
856 4 1 _3Table of contents only
_uhttp://www.loc.gov/catdir/toc/fy0705/2006491633.html
942 _2lcc
_cBK
_h726.8
_iPAL
_kR